Chargement en cours...

Hindi ki sahityak sanskriti aur bharatiya adhunikata

Détails bibliographiques
Auteur principal: Rajkumar
Format: Printed Book
Publié: New Delhi: Rajkamal, 2015
LEADER 00457nam a22001337a 4500
008 140827b ii||||| |||| 00| 0 hin d
999 |c 248441  |d 248441 
020 |a 9788126727698 
100 |a Rajkumar 
245 |a Hindi ki sahityak sanskriti aur bharatiya adhunikata 
260 |a New Delhi:  |b Rajkamal,  |c 2015 
546 |a in Hindi 
942 |c BK 
952 |0 0  |1 0  |4 0  |6 S_52_000000000000000  |7 0  |9 275779  |a HIN  |b HIN  |c ST1  |d 2018-01-24  |i 25529  |l 0  |o s52  |p HIN25529  |r 2018-01-24  |w 2018-01-24  |y BK